[Event "Toronto Candidates Blitz op"]
[Site "Toronto"]
[Date "2024.04.08"]
[Round "2"]
[White "Abrahams, Daniel"]
[Black "Kosteniuk, Alexandra"]
[Result "1-0"]
[WhiteElo "2166"]
[BlackElo "2501"]
[PlyCount "81"]
[EventDate "2024.04.08"]
[EventType "swiss (blitz)"]
[EventRounds "9"]
[EventCountry "CAN"]
[SourceTitle "CB16_2024"]
[SourceDate "2024.04.17"]
[SourceVersion "1"]
[SourceVersionDate "2024.04.17"]
[SourceQuality "1"]

1. c4 f5 2. Nf3 Nf6 3. g3 g6 4. Bg2 Bg7 5. 0-0 d6 6. d4 0-0 7. Nc3 a5 8. Rb1 c6 9. a3 Ne4 10. Qc2 Nxc3 11. bxc3 e5 12. dxe5 dxe5 13. Rd1 Qc7 14. Be3 f4 15. Bb6 Qe7 16. Nd2 Bg4 17. Ne4 Nd7 18. Bc7 Qe6 19. Rxb7 Qxc4 20. h3 Bf5 21. g4 Bxe4 22. Bxe4 Nf6 23. Bd3 Qe6 24. Qa4 Kh8 25. Bc4 Qc8 26. Qxc6 Re8 27. Bf7 Re7 28. Rd8+ Qxd8 29. Bxd8 Rxb7 30. Qxb7 Rxd8 31. g5 Nh5 32. Kg2 f3+ 33. Kxf3 Nf4 34. Qe7 Rf8 35. Ke3 Nxh3 36. c4 Nf4 37. c5 h6 38. c6 hxg5 39. c7 Bh6 40. Qxf8+ Bxf8 41. c8Q 1-0

[Event "Canadian zt"]
[Site "Toronto"]
[Date "2024.03.30"]
[Round "6"]
[White "Abrahams, Daniel"]
[Black "Marchand, Calix"]
[Result "1-0"]
[WhiteElo "2166"]
[BlackElo "1942"]
[PlyCount "115"]
[EventDate "2024.03.27"]
[EventType "team-swiss"]
[EventRounds "10"]
[EventCountry "CAN"]
[SourceTitle "CB15_2024"]
[SourceDate "2024.04.10"]
[SourceVersion "1"]
[SourceVersionDate "2024.04.10"]
[SourceQuality "1"]

1. c4 e5 2. Nc3 Nf6 3. Nf3 Nc6 4. e3 Be7 5. a3 0-0 6. Qc2 d5 7. cxd5 Nxd5 8. Nxd5 Qxd5 9. Bd3 h6 10. 0-0 Be6 11. b4 Rad8 12. Be4 Qc4 13. Qb1 Bd5 14. Bxd5 Qxd5 15. e4 Qe6 16. Bb2 a6 17. Qc2 Rd7 18. Rfe1 Rfd8 19. Bc3 Rd3 20. Qa2 Qxa2 21. Rxa2 f6 22. Kf1 Kf7 23. Ke2 g5 24. h3 Ke6 25. Rb1 h5 26. Ne1 R3d7 27. Nc2 Nd4+ 28. Bxd4 exd4 29. Kd3 Bd6 30. Na1 Be5 31. Rc2 c6 32. Nb3 Rc7 33. Rbc1 Rd6 34. a4 Ke7 35. b5 axb5 36. axb5 Kd7 37. b6 Rc8 38. Nc5+ Ke8 39. Nxb7 Re6 40. Na5 Kd7 41. b7 Rb8 42. Rxc6 Rxc6 43. Rxc6 Rxb7 44. Nxb7 Kxc6 45. Na5+ Kd6 46. Nb3 g4 47. hxg4 hxg4 48. Nxd4 Bh2 49. g3 Bg1 50. Ke3 Ke5 51. Nc6+ Kd6 52. Nb4 Kc5 53. Nd3+ Kc4 54. Nf4 Kc5 55. Ne2 Bh2 56. d4+ Kc4 57. d5 Kc5 58. Kf4 1-0

[Event "Canadian zt"]
[Site "Toronto"]
[Date "2024.03.28"]
[Round "3"]
[White "Doknjas, Neil"]
[Black "Abrahams, Daniel"]
[Result "1/2-1/2"]
[WhiteElo "2273"]
[BlackElo "2166"]
[PlyCount "106"]
[EventDate "2024.03.27"]
[EventType "team-swiss"]
[EventRounds "10"]
[EventCountry "CAN"]
[SourceTitle "CB15_2024"]
[SourceDate "2024.04.10"]
[SourceVersion "1"]
[SourceVersionDate "2024.04.10"]
[SourceQuality "1"]

1. e4 c5 2. Nf3 e6 3. d4 cxd4 4. Nxd4 a6 5. Qf3 Qf6 6. Qd3 Bc5 7. Be3 d6 8. Nc3 Ne7 9. 0-0-0 0-0 10. Nb3 Bxe3+ 11. Qxe3 e5 12. Na5 Rd8 13. Nc4 Nbc6 14. Nb6 Rb8 15. Bc4 Be6 16. Ncd5 Bxd5 17. Bxd5 Qg6 18. h4 Nxd5 19. Nxd5 b5 20. h5 Qe6 21. h6 g6 22. Rh3 Rf8 23. Qd2 f5 24. exf5 Rxf5 25. g4 Rf7 26. Ra3 Nd4 27. Ne3 d5 28. c3 b4 29. cxb4 Rfb7 30. Rc3 Rxb4 31. b3 a5 32. Nc2 Nxc2 33. Qxc2 a4 34. Rc6 axb3 35. axb3 Qxg4 36. Qc5 R4b5 37. Qe7 Qf4+ 38. Rd2 Qf7 39. Qxe5 Rxb3 40. Qxd5 Rb1+ 41. Kc2 R1b2+ 42. Kc3 Qxd5 43. Rxd5 Rxf2 44. Rcd6 Rh2 45. Rd8+ Rxd8 46. Rxd8+ Kf7 47. Rd7+ Kf6 48. Rxh7 Kg5 49. Kd3 Rxh6 50. Rf7 Rh2 51. Ke3 Kg4 52. Rf4+ Kg5 53. Rf7 Kg4 1/2-1/2

[Event "Lagos op 1st"]
[Site "Lagos"]
[Date "2023.10.29"]
[Round "2"]
[White "Safarli, Eltaj"]
[Black "Abrahams, Daniel"]
[Result "1-0"]
[WhiteElo "2612"]
[BlackElo "2110"]
[PlyCount "119"]
[EventDate "2023.10.28"]
[EventType "swiss"]
[EventRounds "9"]
[EventCountry "POR"]
[SourceTitle "Mega2024 Update 01"]
[Source "Chessbase"]
[SourceDate "2023.11.12"]
[SourceVersion "1"]
[SourceVersionDate "2023.11.12"]
[SourceQuality "1"]

1. e4 c5 2. Nf3 e6 3. d4 cxd4 4. Nxd4 a6 5. g3 d5 6. Nb3 dxe4 7. Qxd8+ Kxd8 8. N1d2 Nf6 9. Bg2 Bd7 10. Nxe4 Nxe4 11. Bxe4 Bc6 12. Bg5+ f6 13. 0-0-0+ Kc7 14. Bxc6 Nxc6 15. Be3 Be7 16. a4 Rad8 17. a5 Rxd1+ 18. Rxd1 Re8 19. Bb6+ Kc8 20. Nd2 Nb4 21. Ne4 Nd5 22. Bc5 Kc7 23. c4 Bxc5 24. Nxc5 Nb4 25. b3 Re7 26. Kb2 Nc6 27. Ra1 Ne5 28. Kc3 Ng4 29. Nd3 Nxh2 30. Rh1 Nf3 31. Rxh7 Ng5 32. Rh8 Ne4+ 33. Kd4 Nd6 34. g4 Nf7 35. Rf8 Nd8 36. b4 Rd7+ 37. Kc3 e5 38. Nc5 Rd4 39. f3 Rd1 40. Rg8 Rf1 41. Rxg7+ Kc8 42. Ne4 Rxf3+ 43. Kd2 Rf4 44. Nd6+ Kb8 45. Kc3 Rf3+ 46. Kb2 Rd3 47. c5 Rd4 48. Kc3 Ne6 49. Rxb7+ Ka8 50. Rf7 Nf4 51. b5 Nd5+ 52. Kc2 Ne3+ 53. Kb2 Rb4+ 54. Ka3 Nc2+ 55. Ka2 axb5 56. c6 Ra4+ 57. Kb2 Ne3 58. c7 Nc4+ 59. Nxc4 Rxc4 60. a6 1-0

[Event "Arco op 45th"]
[Site "Arco"]
[Date "2023.10.15"]
[Round "9"]
[White "Abrahams, Daniel"]
[Black "Peleman, Tony"]
[Result "1-0"]
[WhiteElo "2110"]
[BlackElo "1922"]
[PlyCount "33"]
[EventDate "2023.10.07"]
[EventType "swiss"]
[EventRounds "9"]
[EventCountry "ITA"]
[SourceTitle "Mega2024 Update 01"]
[Source "Chessbase"]
[SourceDate "2023.11.12"]
[SourceVersion "1"]
[SourceVersionDate "2023.11.12"]
[SourceQuality "1"]

1. c4 Nf6 2. Nf3 g6 3. g3 Bg7 4. Bg2 c5 5. 0-0 0-0 6. Nc3 Nc6 7. d4 Nxd4 8. Nxd4 cxd4 9. Qxd4 d6 10. b3 Qa5 11. Bb2 Nd7 12. Qd2 Rb8 13. Rfd1 Re8 14. Qc2 Nf6 15. Nd5 Bf5 16. e4 Nxd5 17. Rxd5 1-0

[Event "Arco op 45th"]
[Site "Arco"]
[Date "2023.10.07"]
[Round "1"]
[White "Abrahams, Daniel"]
[Black "Wegelin, Reinhard"]
[Result "1-0"]
[WhiteElo "2110"]
[BlackElo "1773"]
[PlyCount "79"]
[EventDate "2023.10.07"]
[EventType "swiss"]
[EventRounds "9"]
[EventCountry "ITA"]
[SourceTitle "Mega2024 Update 01"]
[Source "Chessbase"]
[SourceDate "2023.11.12"]
[SourceVersion "1"]
[SourceVersionDate "2023.11.12"]
[SourceQuality "1"]

1. c4 g6 2. Nf3 Bg7 3. g3 c5 4. Bg2 Nc6 5. Nc3 e6 6. a3 Nge7 7. e3 0-0 8. 0-0 Nf5 9. b4 d6 10. Rb1 Rb8 11. Qa4 Bd7 12. Qc2 b6 13. d3 Ne5 14. Nxe5 Bxe5 15. Bb2 Qc7 16. Ne4 f6 17. Bxe5 fxe5 18. Rb2 Kg7 19. Qc3 d5 20. Ng5 d4 21. Qe1 h6 22. Ne4 Rfd8 23. Qe2 Nd6 24. Rfb1 Nxe4 25. Bxe4 Bc6 26. Bxc6 Qxc6 27. exd4 exd4 28. Qe5+ Kf7 29. bxc5 Qf3 30. Rb3 Qf5 31. Qc7+ Kf6 32. cxb6 axb6 33. Rxb6 Rbc8 34. Qf4 Qxf4 35. gxf4 Kf5 36. R1b5+ Kxf4 37. Rxe6 Re8 38. Rf6+ Kg4 39. Kg2 g5 40. Rxh6 1-0

[Event "Toronto Ontario op"]
[Site "Toronto"]
[Date "2022.05.22"]
[Round "3"]
[White "Noritsyn, Nikolay"]
[Black "Abrahams, Daniel"]
[Result "1-0"]
[WhiteElo "2481"]
[BlackElo "2149"]
[PlyCount "63"]
[EventDate "2022.05.21"]
[EventType "swiss"]
[EventRounds "6"]
[EventCountry "CAN"]
[SourceTitle "CBM 209 Extra"]
[Source "ChessBase"]
[SourceDate "2022.09.30"]
[SourceVersion "1"]
[SourceVersionDate "2022.09.30"]
[SourceQuality "1"]

1. d4 Nf6 2. Nf3 e6 3. c4 d5 4. Bg5 Be7 5. Nc3 0-0 6. e3 h6 7. Bxf6 Bxf6 8. Qd2 dxc4 9. Bxc4 b6 10. 0-0-0 Ba6 11. Qe2 Qc8 12. Kb1 c5 13. Ne4 Bxc4 14. Nxf6+ gxf6 15. Qxc4 Qa6 16. Qc3 Nc6 17. dxc5 Kg7 18. Rd6 Rfc8 19. Nd2 Qb7 20. Rc1 bxc5 21. Ne4 Ne5 22. f3 Rab8 23. Rd2 c4 24. Nd6 Qa6 25. Nxc8 Rxc8 26. Rd4 Qb5 27. f4 Ng4 28. h3 Nf2 29. Qc2 c3 30. Qxf2 Qf5+ 31. e4 cxb2 32. Rxc8 1-0

[Event "Toronto Ontario op"]
[Site "Toronto"]
[Date "2022.05.21"]
[Round "2"]
[White "Abrahams, Daniel"]
[Black "Han, Johnathan"]
[Result "1/2-1/2"]
[WhiteElo "2149"]
[BlackElo "1972"]
[PlyCount "86"]
[EventDate "2022.05.21"]
[EventType "swiss"]
[EventRounds "6"]
[EventCountry "CAN"]
[SourceTitle "CBM 209 Extra"]
[Source "ChessBase"]
[SourceDate "2022.09.30"]
[SourceVersion "1"]
[SourceVersionDate "2022.09.30"]
[SourceQuality "1"]

1. Nf3 Nf6 2. b3 g6 3. Bb2 Bg7 4. c4 0-0 5. g3 d6 6. d4 e5 7. dxe5 Nfd7 8. Bg2 dxe5 9. Nc3 Nc6 10. Qd2 Re8 11. h4 Nf8 12. h5 Bg4 13. hxg6 hxg6 14. Rd1 Qc8 15. Nd5 f6 16. Nh4 Be6 17. Ba3 g5 18. Nf3 e4 19. Nd4 Bxd5 20. cxd5 Nxd4 21. Qxd4 f5 22. Qc4 Qd7 23. g4 b5 24. Qc2 Ng6 25. d6 cxd6 26. Rxd6 Qf7 27. gxf5 Qxf5 28. Bh3 g4 29. Rg1 Ne5 30. Qc7 Rac8 31. Qb7 Nf3+ 32. Kf1 Nxg1 33. Rd7 Qg6 34. Rxg7+ Qxg7 35. Qd5+ Kh8 36. Qh5+ Kg8 37. Qd5+ Qf7 38. Qg5+ Kh7 39. Qh4+ Kg8 40. Qg5+ Kh7 41. Qh4+ Kg7 42. Bb2+ Kf8 43. Ba3+ Kg8 1/2-1/2

[Event "Toronto Ontario op"]
[Site "Toronto"]
[Date "2022.05.21"]
[Round "1"]
[White "Thavandiran, Shiyam"]
[Black "Abrahams, Daniel"]
[Result "1/2-1/2"]
[WhiteElo "2399"]
[BlackElo "2149"]
[PlyCount "52"]
[EventDate "2022.05.21"]
[EventType "swiss"]
[EventRounds "6"]
[EventCountry "CAN"]
[SourceTitle "CBM 209 Extra"]
[Source "ChessBase"]
[SourceDate "2022.09.30"]
[SourceVersion "1"]
[SourceVersionDate "2022.09.30"]
[SourceQuality "1"]

1. e4 c5 2. Nf3 e6 3. d4 cxd4 4. Nxd4 a6 5. Bd3 Nf6 6. 0-0 d6 7. Nd2 Be7 8. c3 Nbd7 9. f4 0-0 10. Qe2 e5 11. Nf5 exf4 12. Rxf4 Re8 13. Nxe7+ Qxe7 14. Nf1 Nc5 15. Ng3 d5 16. exd5 Nxd3 17. Qxd3 Qc5+ 18. Qd4 Qxd5 19. Qxd5 Nxd5 20. Rd4 Be6 21. Bd2 Rad8 22. Ne4 Ne7 23. Nd6 Nc6 24. Nxe8 Nxd4 25. cxd4 Rxe8 26. a3 Bd5 1/2-1/2

[Event "Kingston Canada zt"]
[Site "Kingston"]
[Date "2022.04.16"]
[Round "6"]
[White "Abrahams, Daniel"]
[Black "MacKinnon, Keith"]
[Result "1-0"]
[WhiteElo "2163"]
[BlackElo "2198"]
[PlyCount "65"]
[EventDate "2022.04.13"]
[EventType "swiss"]
[EventRounds "9"]
[EventCountry "CAN"]
[SourceTitle "CBM 207 Extra"]
[Source "ChessBase"]
[SourceDate "2022.05.31"]
[SourceVersion "1"]
[SourceVersionDate "2022.05.31"]
[SourceQuality "1"]

1. Nf3 Nf6 2. c4 c5 3. g3 d5 4. cxd5 Nxd5 5. Bg2 Nc6 6. d4 e6 7. 0-0 Be7 8. Nc3 0-0 9. Nxd5 Qxd5 10. Be3 Qh5 11. dxc5 Rd8 12. Qc2 e5 13. Rfd1 Be6 14. a3 a5 15. Rxd8+ Rxd8 16. Rd1 Rxd1+ 17. Qxd1 f5 18. b4 f4 19. gxf4 axb4 20. axb4 exf4 21. Bxf4 Nxb4 22. Bd6 Bf6 23. e4 Nc6 24. Qb1 Nd4 25. Qd3 Nxf3+ 26. Qxf3 Qg5 27. Qf4 Qh5 28. e5 Qd1+ 29. Bf1 g5 30. Qe4 Bd8 31. Qd3 Qg4+ 32. Bg2 Bc4 33. Qf3 1-0

[Event "London Classic op 11th"]
[Site "London"]
[Date "2019.12.03"]
[Round "6"]
[White "Abrahams, Daniel"]
[Black "Dias, Savin"]
[Result "1/2-1/2"]
[WhiteElo "2185"]
[BlackElo "1916"]
[PlyCount "109"]
[EventDate "2019.11.29"]
[EventType "swiss"]
[EventRounds "9"]
[EventCountry "ENG"]
[SourceTitle "CBM 193 Extra"]
[Source "ChessBase"]
[SourceDate "2020.01.31"]
[SourceVersion "1"]
[SourceVersionDate "2020.01.31"]
[SourceQuality "1"]

1. c4 c5 2. g3 g6 3. Bg2 Bg7 4. Nc3 Nc6 5. Nf3 d6 6. 0-0 e6 7. e3 Nge7 8. d4 0-0 9. b3 e5 10. dxc5 dxc5 11. Bb2 Bg4 12. Qb1 Bf5 13. Ne4 Bxe4 14. Qxe4 f5 15. Qb1 h6 16. Rd1 Qc7 17. Ne1 Rad8 18. Nd3 b6 19. Qc2 g5 20. f4 e4 21. Bxg7 Kxg7 22. Qb2+ Kg6 23. Nf2 gxf4 24. gxf4 Kf7 25. Kh1 Rxd1+ 26. Rxd1 Rd8 27. Rg1 Rg8 28. Qe2 Qd6 29. Bh3 Rxg1+ 30. Kxg1 Kg7 31. Kf1 Nb4 32. a3 Nbc6 33. Qh5 Qf6 34. Qd1 Qc3 35. Qd7 Qc1+ 36. Nd1 Qxa3 37. Bxf5 Qxb3 38. Bxe4 Qxc4+ 39. Bd3 Qd5 40. Qg4+ Kf7 41. Nf2 Nb4 42. Be4 Qc4+ 43. Kg2 Nbd5 44. Qh5+ Kg8 45. Qxh6 Nxe3+ 46. Kf3 Nf1 47. Bh7+ Kf7 48. Ne4 Nxh2+ 49. Qxh2 Qd3+ 50. Kg2 Qe2+ 51. Nf2 Nd5 52. Bd3 Ne3+ 53. Kh1 Qe1+ 54. Qg1 Qxg1+ 55. Kxg1 1/2-1/2

[Event "London Classic op 11th"]
[Site "London"]
[Date "2019.12.01"]
[Round "4"]
[White "Abrahams, Daniel"]
[Black "Vaishali, Ramesh Babu"]
[Result "0-1"]
[WhiteElo "2185"]
[BlackElo "2376"]
[PlyCount "114"]
[EventDate "2019.11.29"]
[EventType "swiss"]
[EventRounds "9"]
[EventCountry "ENG"]
[SourceTitle "CBM 193 Extra"]
[Source "ChessBase"]
[SourceDate "2020.01.31"]
[SourceVersion "1"]
[SourceVersionDate "2020.01.31"]
[SourceQuality "1"]

1. c4 b6 2. Nf3 Bb7 3. e3 Nf6 4. b3 g6 5. Bb2 Bg7 6. Be2 c5 7. 0-0 0-0 8. Qc2 Nc6 9. a3 d5 10. cxd5 Qxd5 11. d3 Rac8 12. Nbd2 Rfd8 13. Rac1 Ba6 14. Nc4 b5 15. Ncd2 Nb8 16. Rfe1 Bb7 17. Qb1 a6 18. d4 Nbd7 19. Bf1 Ne4 20. Nxe4 Qxe4 21. dxc5 Qxb1 22. Rxb1 Nxc5 23. Bxg7 Kxg7 24. b4 Na4 25. Rbc1 Nc3 26. Ne5 Na2 27. Rxc8 Rxc8 28. Ra1 Nc1 29. Nd3 Nb3 30. Rb1 Rc3 31. Rxb3 Rxb3 32. Nc5 Rxa3 33. Nxb7 Rb3 34. Nc5 Rxb4 35. Nxa6 Rb1 36. g4 b4 37. Nxb4 Rxb4 38. h3 Kf6 39. Kg2 g5 40. Kg3 Ke5 41. Bd3 h6 42. h4 e6 43. hxg5 hxg5 44. Bc2 Rc4 45. Bd3 Rc3 46. Bb1 Kd5 47. Bh7 Rc1 48. Kf3 Rh1 49. Bd3 Rg1 50. Bh7 Ra1 51. Bg8 Ra8 52. Bh7 Kc4 53. Ke2 Kc3 54. f4 f6 55. fxg5 fxg5 56. Kf3 Kd2 57. Ke4 Ra4+ 0-1

[Event "Reykjavik op"]
[Site "Reykjavik"]
[Date "2019.04.13"]
[Round "6"]
[White "Abrahams, Daniel"]
[Black "Johannesson, Haki"]
[Result "1-0"]
[WhiteElo "2143"]
[BlackElo "1695"]
[PlyCount "87"]
[EventDate "2019.04.08"]
[EventType "swiss"]
[EventRounds "9"]
[EventCountry "ISL"]
[SourceTitle "CBM 189 Extra"]
[Source "ChessBase"]
[SourceDate "2019.06.03"]
[SourceVersion "1"]
[SourceVersionDate "2019.06.03"]
[SourceQuality "1"]

1. Nf3 Nc6 2. d4 d5 3. Bf4 Bf5 4. e3 a6 5. c4 e6 6. Nc3 Nf6 7. Be2 Ne4 8. Nxe4 Bxe4 9. 0-0 Bd6 10. cxd5 exd5 11. Bxd6 Qxd6 12. Rc1 0-0 13. Qb3 Rab8 14. Nd2 Bf5 15. Qc3 Rfc8 16. a3 Na7 17. b4 Nb5 18. Qb3 c6 19. a4 Nc7 20. Rc3 Bd7 21. Rfc1 g6 22. Nf3 Kg7 23. Ne5 Be8 24. h4 f6 25. Nd3 h5 26. Nf4 Bd7 27. Qc2 Bf5 28. Qb2 Bd7 29. Bd3 Be8 30. b5 g5 31. hxg5 fxg5 32. Nh3 axb5 33. axb5 Qf6 34. f4 g4 35. Ng5 h4 36. Qf2 Bd7 37. Qxh4 Rh8 38. Qg3 Qh6 39. Be2 Qh4 40. Kf2 Ra8 41. bxc6 bxc6 42. Qxh4 Rxh4 43. Kg3 Rah8 44. Rb1 1-0

[Event "Reykjavik op"]
[Site "Reykjavik"]
[Date "2019.04.11"]
[Round "5"]
[White "Suleymenov, Alisher"]
[Black "Abrahams, Daniel"]
[Result "1-0"]
[WhiteElo "2431"]
[BlackElo "2143"]
[PlyCount "33"]
[EventDate "2019.04.08"]
[EventType "swiss"]
[EventRounds "9"]
[EventCountry "ISL"]
[SourceTitle "CBM 189 Extra"]
[Source "ChessBase"]
[SourceDate "2019.06.03"]
[SourceVersion "1"]
[SourceVersionDate "2019.06.03"]
[SourceQuality "1"]

1. d4 Nf6 2. c4 e6 3. g3 Bb4+ 4. Bd2 a5 5. Nf3 d6 6. Bg2 Nbd7 7. 0-0 e5 8. Nc3 exd4 9. Nxd4 0-0 10. Qc2 Re8 11. Rad1 Ne5 12. Bg5 Bxc3 13. Qxc3 Ne4 14. f4 Qxg5 15. Bxe4 Qh6 16. fxe5 Rxe5 17. Qf3 1-0

[Event "Reykjavik op"]
[Site "Reykjavik"]
[Date "2019.04.09"]
[Round "3"]
[White "Abrahams, Daniel"]
[Black "Astaneh Lopez, Alex"]
[Result "0-1"]
[WhiteElo "2143"]
[BlackElo "2427"]
[PlyCount "54"]
[EventDate "2019.04.08"]
[EventType "swiss"]
[EventRounds "9"]
[EventCountry "ISL"]
[SourceTitle "CBM 189 Extra"]
[Source "ChessBase"]
[SourceDate "2019.06.03"]
[SourceVersion "1"]
[SourceVersionDate "2019.06.03"]
[SourceQuality "1"]

1. c4 c6 2. d4 d5 3. g3 dxc4 4. Nf3 g6 5. Bg2 Bg7 6. 0-0 Bg4 7. e3 Nd7 8. Qc2 Nb6 9. a4 a5 10. Na3 Nf6 11. Nxc4 Nxc4 12. Qxc4 Qd5 13. Qxd5 Nxd5 14. Bd2 0-0 15. Rfc1 Rfc8 16. Ra3 b6 17. Rb3 Rab8 18. e4 Nc7 19. Rxc6 Bxf3 20. Bxf3 Bxd4 21. Bg4 Ne6 22. Rxe6 fxe6 23. Bxe6+ Kf8 24. Bxc8 Rxc8 25. Bc3 Bxc3 26. Rxc3 Rxc3 27. bxc3 b5 0-1

[Event "Reykjavik op"]
[Site "Reykjavik"]
[Date "2019.04.08"]
[Round "1"]
[White "Abrahams, Daniel"]
[Black "Kanarek, Marcel"]
[Result "1-0"]
[WhiteElo "2143"]
[BlackElo "2505"]
[PlyCount "81"]
[EventDate "2019.04.08"]
[EventType "swiss"]
[EventRounds "9"]
[EventCountry "ISL"]
[SourceTitle "CBM 189 Extra"]
[Source "ChessBase"]
[SourceDate "2019.06.03"]
[SourceVersion "1"]
[SourceVersionDate "2019.06.03"]
[SourceQuality "1"]

1. c4 g6 2. Nc3 Bg7 3. g3 Nf6 4. Bg2 0-0 5. Nf3 d6 6. 0-0 c5 7. a3 Nc6 8. Rb1 a5 9. d3 Bd7 10. Bg5 h6 11. Bd2 Ne8 12. Ne1 Nc7 13. Nc2 a4 14. Ne3 Na5 15. Nxa4 Nxc4 16. dxc4 Bxa4 17. Qc1 Bc6 18. Nd5 Bxd5 19. cxd5 h5 20. f4 Nb5 21. e3 Qd7 22. Qc2 Rfc8 23. f5 g5 24. Qd1 g4 25. h3 c4 26. hxg4 hxg4 27. Qxg4 c3 28. bxc3 Nxc3 29. Rb3 Ra4 30. Qh5 Ne4 31. Bxe4 Rxe4 32. Rfb1 Qa4 33. Rxb7 Qxa3 34. Rb8 Rec4 35. f6 exf6 36. R1b7 Qa1+ 37. Kf2 f5 38. Qxf7+ Kh8 39. Rb1 Rxb8 40. Rxb8+ Kh7 41. Qxf5+ 1-0

[Event "BCF-chT3N 1718 (4NCL)"]
[Site "England"]
[Date "2018.02.10"]
[Round "5.23"]
[White "Adams, Philip"]
[Black "Abrahams, Daniel"]
[Result "0-1"]
[WhiteElo "2004"]
[BlackElo "2143"]
[PlyCount "78"]
[EventDate "2017.11.11"]
[EventType "team-swiss"]
[EventRounds "11"]
[EventCountry "ENG"]
[SourceTitle "EXT 2020"]
[Source "ChessBase"]
[SourceDate "2019.10.17"]
[SourceVersion "1"]
[SourceVersionDate "2019.10.17"]
[SourceQuality "1"]
[WhiteTeam "3CS Oldham II"]
[BlackTeam "Castleford Roses"]
[WhiteTeamCountry "ENG"]
[BlackTeamCountry "ENG"]

1. e4 c5 2. Nf3 e6 3. c3 Nf6 4. e5 Nd5 5. Bc4 Nc6 6. 0-0 d6 7. d4 cxd4 8. cxd4 Be7 9. exd6 Qxd6 10. Nc3 Nxc3 11. bxc3 0-0 12. Re1 b6 13. Ng5 h6 14. Ne4 Qc7 15. Bxh6 f5 16. Ng5 gxh6 17. Rxe6 Bxe6 18. Nxe6 Qd6 19. Nxf8+ Kxf8 20. Qh5 Qf6 21. Re1 Re8 22. Be6 Rd8 23. d5 Rd6 24. c4 Nd8 25. Bxf5 b5 26. Bd3 bxc4 27. Bxc4 Nf7 28. Bb3 Bd8 29. Qe2 Bb6 30. g3 Kg7 31. h4 Qg6 32. Kg2 Rf6 33. f3 Bc7 34. g4 Ne5 35. h5 Qg5 36. Rf1 Bd6 37. Kh3 Qf4 38. Kg2 Nxg4 39. Kh3 Qg3# 0-1

[Event "London Classic op"]
[Site "London"]
[Date "2017.12.04"]
[Round "4"]
[White "Risting, Eivind Olav"]
[Black "Abrahams, Daniel"]
[Result "1-0"]
[WhiteElo "2279"]
[BlackElo "2130"]
[PlyCount "53"]
[EventDate "2017.12.02"]
[EventType "swiss"]
[EventRounds "9"]
[EventCountry "ENG"]
[SourceTitle "CBM 182 Extra"]
[Source "ChessBase"]
[SourceDate "2018.02.23"]
[SourceVersion "1"]
[SourceVersionDate "2018.02.23"]
[SourceQuality "1"]

1. d4 Nf6 2. Bg5 e6 3. e4 h6 4. Bxf6 Qxf6 5. c3 g6 6. Bd3 Bg7 7. e5 Qe7 8. f4 d6 9. Nf3 c5 10. 0-0 Bd7 11. Nbd2 cxd4 12. Ne4 dxe5 13. fxe5 0-0 14. cxd4 Nc6 15. a3 Qd8 16. Qd2 Be8 17. Qe3 Qb6 18. Nf6+ Kh8 19. Rad1 Rd8 20. Be4 Ne7 21. Ng5 Nf5 22. Bxf5 exf5 23. Ngh7 Bb5 24. Nxf8 Bxf8 25. Rf3 Kg7 26. Rh3 h5 27. Rxh5 1-0